[Event "Rubinstein Memorial 52nd"]
[Site "Polanica Zdroj"]
[Date "2016.08.27"]
[Round "8"]
[White "Voloshin, Leonid"]
[Black "Siekanski, Janusz"]
[Result "1/2-1/2"]
[WhiteElo "2425"]
[BlackElo "2290"]
[PlyCount "91"]
[EventDate "2016.08.20"]
[EventType "swiss"]
[EventRounds "10"]
[EventCountry "POL"]
[SourceTitle "CBM 174 Extra"]
[Source "ChessBase"]
[SourceDate "2016.10.10"]
[SourceVersion "1"]
[SourceVersionDate "2016.10.10"]
[SourceQuality "1"]

1. d4 d5 2. c4 e6 3. Nc3 c5 4. cxd5 exd5 5. Nf3 Nc6 6. g3 Nf6 7. Bg2 Be7 8. 0-0 0-0 9. Bg5 c4 10. Ne5 Be6 11. e3 h6 12. Bxf6 Bxf6 13. Nxc6 bxc6 14. b3 cxb3 15. axb3 c5 16. Na4 cxd4 17. exd4 Qa5 18. Nc5 Qc3 19. Nxe6 fxe6 20. Qe2 Rae8 21. Ra6 Qxb3 22. Rxe6 Rd8 23. Qd2 Qc4 24. Rd1 Kh8 25. Bf1 Qb3 26. Ra6 Rc8 27. Bd3 Bg5 28. f4 Bf6 29. Kg2 Bxd4 30. Bg6 Bb6 31. Qxd5 Qe3 32. Qf3 Qe6 33. Bb1 Rfe8 34. Ra2 Qc6 35. Qxc6 Rxc6 36. Kh3 Rcc8 37. Bg6 Rcd8 38. Rc1 Rc8 39. Re2 Rf8 40. Rb1 Rf6 41. f5 Rff8 42. Rb4 Bc5 43. Ra4 Kg8 44. Kg2 Rcd8 45. Kh3 Rd4 46. Ra6 1/2-1/2

[Event "Rubinstein Memorial 52nd"]
[Site "Polanica Zdroj"]
[Date "2016.08.21"]
[Round "2"]
[White "Siekanski, Janusz"]
[Black "Domanski, Lukasz"]
[Result "1-0"]
[WhiteElo "2290"]
[BlackElo "2015"]
[PlyCount "59"]
[EventDate "2016.08.20"]
[EventType "swiss"]
[EventRounds "10"]
[EventCountry "POL"]
[SourceTitle "CBM 174 Extra"]
[Source "ChessBase"]
[SourceDate "2016.10.10"]
[SourceVersion "1"]
[SourceVersionDate "2016.10.10"]
[SourceQuality "1"]

1. d4 d6 2. c4 e5 3. e3 Nd7 4. Nc3 Ngf6 5. Nf3 c6 6. Be2 Be7 7. 0-0 0-0 8. Qc2 Re8 9. b3 Bf8 10. Bb2 e4 11. Nd2 d5 12. cxd5 cxd5 13. f3 exf3 14. Rxf3 Bd6 15. h3 Nf8 16. e4 dxe4 17. Ncxe4 Nxe4 18. Nxe4 Be6 19. Bc4 Rc8 20. Qd3 Bxc4 21. bxc4 Bb8 22. d5 Ng6 23. d6 Ne5 24. Bxe5 Rxe5 25. Raf1 f6 26. Rxf6 gxf6 27. Nxf6+ Kf8 28. Qxh7 Bxd6 29. Nd5+ Ke8 30. Qf7# 1-0

[Event "EU-Cup 10th Group6"]
[Site "Lubniewice"]
[Date "1994.??.??"]
[Round "3"]
[White "Seeman, Tarvo"]
[Black "Siekanski, Janusz"]
[Result "1/2-1/2"]
[WhiteElo "2260"]
[BlackElo "2295"]
[PlyCount "74"]
[EventDate "1994.??.??"]
[EventType "team-k.o."]
[EventRounds "3"]
[EventCountry "POL"]
[SourceTitle "EXT 2020"]
[Source "ChessBase"]
[SourceDate "2019.10.17"]
[SourceVersion "1"]
[SourceVersionDate "2019.10.17"]
[SourceQuality "1"]
[WhiteTeam "Paide MK"]
[BlackTeam "Gorzow Wielkopolski Stilon"]
[WhiteTeamCountry "EST"]
[BlackTeamCountry "POL"]

1. Nf3 c5 2. g3 b6 3. Bg2 Bb7 4. 0-0 Nf6 5. d3 e6 6. Nbd2 Be7 7. e4 d6 8. a4 a6 9. Re1 Nc6 10. e5 dxe5 11. Nxe5 Qc7 12. Ndc4 Nxe5 13. Nxe5 0-0 14. Bd2 Bxg2 15. Kxg2 Nd7 16. Nxd7 Qxd7 17. Bc3 Qc6+ 18. Qf3 Qxf3+ 19. Kxf3 Rfd8 20. Re4 Rac8 21. h4 Rd5 22. Rh1 Rc6 23. h5 f5 24. Re5 Rd7 25. Re2 Kf7 26. b3 Bf6 27. Bxf6 Kxf6 28. Rd1 Rd5 29. Kg2 b5 30. axb5 axb5 31. Ra1 c4 32. dxc4 bxc4 33. bxc4 Rdc5 34. Ra7 h6 35. Ra8 Rc8 36. Rxc8 Rxc8 37. f4 Rxc4 1/2-1/2

[Event "POL-chT 47th"]
[Site "Mikolajki"]
[Date "1991.09.??"]
[Round "6"]
[White "Siekanski, Janusz"]
[Black "Jaworski, Miroslaw"]
[Result "1/2-1/2"]
[WhiteElo "2285"]
[BlackElo "2300"]
[PlyCount "88"]
[EventDate "1991.09.20"]
[EventType "team-swiss"]
[EventRounds "9"]
[EventCountry "POL"]
[SourceTitle "EXT 2019"]
[Source "ChessBase"]
[SourceDate "2018.10.10"]
[SourceVersion "1"]
[SourceVersionDate "2018.10.10"]
[SourceQuality "1"]
[WhiteTeam "Gorzow Wielkopolski Stilon"]
[BlackTeam "Bielsko-Biala Wlokniarz"]
[WhiteTeamCountry "POL"]
[BlackTeamCountry "POL"]

1. Nf3 d6 2. d4 Bg4 3. e4 Nf6 4. Nc3 e6 5. Be2 Be7 6. 0-0 0-0 7. d5 e5 8. h3 Bh5 9. g4 Bg6 10. Nh4 Ne8 11. Nf5 c6 12. Be3 Nd7 13. a4 Ndf6 14. Bf3 h6 15. a5 c5 16. Qd2 Nh7 17. Rfb1 Bxf5 18. exf5 b6 19. b4 cxb4 20. Rxb4 bxa5 21. Rba4 Bg5 22. Rxa5 Nef6 23. Rxa7 Rxa7 24. Rxa7 Qb8 25. Ra6 Rc8 26. Rc6 Re8 27. Ne4 Bxe3 28. Nxf6+ Nxf6 29. fxe3 e4 30. Be2 Qb1+ 31. Kg2 Ra8 32. Ra6 Rxa6 33. Bxa6 Qa2 34. Bb7 Nd7 35. Bc6 Ne5 36. Bb5 Nf3 37. Qc3 Qxd5 38. Bc6 Qd1 39. Bxe4 Nd2 40. Bd3 Qf3+ 41. Kh2 Qf2+ 42. Kh1 Kh7 43. Qc8 Qf3+ 44. Kh2 Qf2+ 1/2-1/2

[Event "POL-chT 47th"]
[Site "Mikolajki"]
[Date "1991.09.??"]
[Round "1"]
[White "Siekanski, Janusz"]
[Black "Smagacz, Dariusz"]
[Result "1-0"]
[WhiteElo "2285"]
[BlackElo "2220"]
[PlyCount "39"]
[EventDate "1991.09.20"]
[EventType "team-swiss"]
[EventRounds "9"]
[EventCountry "POL"]
[SourceTitle "EXT 2019"]
[Source "ChessBase"]
[SourceDate "2018.10.10"]
[SourceVersion "1"]
[SourceVersionDate "2018.10.10"]
[SourceQuality "1"]
[WhiteTeam "Gorzow Wielkopolski Stilon"]
[BlackTeam "Bytom Start"]
[WhiteTeamCountry "POL"]
[BlackTeamCountry "POL"]

1. Nf3 d5 2. d4 Nf6 3. c4 e6 4. Nc3 Be7 5. Bg5 h6 6. Bh4 0-0 7. e3 b6 8. Rc1 Bb7 9. cxd5 Nxd5 10. Nxd5 Bxd5 11. Bxe7 Qxe7 12. Be2 Rc8 13. Qa4 c5 14. dxc5 Rxc5 15. Rxc5 Qxc5 16. 0-0 Qc6 17. Bb5 Qc5 18. Ne5 a6 19. Be8 Ra7 20. Bxf7+ 1-0